| 000 | 00417nam a2200121Ia 4500 | ||
|---|---|---|---|
| 008 | 241015s9999 xx 000 0 und d | ||
| 041 | _aeng | ||
| 082 | _a330.0151 CHU | ||
| 100 | _aChudik Alexander | ||
| 245 | _aEssays In Honor Of M. Hashem Pesaran: Panel Modeling, Micro Applications, And Ey Panel Modeling, Micro Applications, And Ey | ||
| 260 |
_bEmerald Publishing _aUnited Kingdom _c2021 |
||
| 300 | _a365;. P 24 cm | ||
| 999 |
_c41612 _d41612 |
||